01367nam a2200313 a 450000100100000000500170001000800410002702000150006804000250008308200190010810000280012724000480015524501900020326000700039330000330046353400570049650000340055365000220058765000220060965000310063170000270066270000460068970000340073591000070076904900090077695201230078595201280090899900170103600002372920200930022425.0110112s1996 xxua 000 | spa d a0201653680 aDO-SdBNPbspacBNPHU a620.104bB411d1 aBedford, Anthony93839110aEngineering mechanics: dynamics.lEspañol10aDinámica :bmecánica para ingeniería /cAnthony Bedford y Wallace Fowler ; versión en español de José E. de la Cera Alonso ; con la colaboración de Antonio Martín-Lunas. aDelaware, Estados Unidos :bAddison-Wesley Iberoamericana,c1996. axvi, 548 p. :bil. ;c26 cm. aTítulo original :tEngineering mechanics: dynamics aIncluye índice de materias. 4aDinámica948856 4aEstática938392 4aMecánica aplicada9488571 aFowler, Wallace9383951 aCera Alonso, José E. de la,etr.9488581 aMartín-Lunas, Antonio96171 aWM aBNGR 001054708MOaGRbGRcHDd2011-01-12iLF1l0o620.104 B411dp23729-10r2020-06-25w2020-06-25y4ZPréstamo en sala 001054728MOaGRbGRcHDd2011-01-12iLF1l0o620.104 B411dp23729-20r2020-06-25te.2w2020-06-25y4ZPréstamo en sala c23225d23225